00357nam a2200133 a 45000010010000000030011000100080041000210350026000620820017000881000021001052450026001262600047001526500024001990000-8706ELIB.Books110520 1959  a(ELIB.Books)0000-8852 a268.85 bMac aMacleod, Jack M. aTheirs is the Kingdom bPhiladelphia: The Westminster Press c1959 aChristian Education